Contemporary issues in accounting Ed 8 (Record no. 169472)

MARC details
000 -LEADER
fixed length control field 00597nam a2200229Ia 4500
003 - CONTROL NUMBER IDENTIFIER
control field OSt
005 - DATE AND TIME OF LATEST TRANSACTION
control field 20230408131716.0
008 - FIXED-LENGTH DATA ELEMENTS--GENERAL INFORMATION
fixed length control field 210423s2016 xx 000 0 und d
020 ## - INTERNATIONAL STANDARD BOOK NUMBER
International Standard Book Number 978-93-272-3093-2
040 ## - CATALOGING SOURCE
Transcribing agency AL
041 ## - LANGUAGE CODE
Language code of text/sound track or separate title eng
082 ## - DEWEY DECIMAL CLASSIFICATION NUMBER
Classification number 657
Edition number 23
Item number GUPC
100 ## - MAIN ENTRY--PERSONAL NAME
Personal name GUPTA (Shashi K);MEHRA (Arun)
9 (RLIN) 85087
245 ## - TITLE STATEMENT
Title Contemporary issues in accounting Ed 8
250 ## - EDITION STATEMENT
Edition statement 8
260 ## - PUBLICATION, DISTRIBUTION, ETC.
Place of publication, distribution, etc. Ludhiana
Name of publisher, distributor, etc. Kalyani Publishers
Date of publication, distribution, etc. 2016
300 ## - PHYSICAL DESCRIPTION
Extent xi,599
Other physical details PB
365 ## - TRADE PRICE
Price amount 450
Currency code INR
650 ## - SUBJECT ADDED ENTRY--TOPICAL TERM
Topical term or geographic name entry element Accounting
9 (RLIN) 85088
906 ## - LOCAL DATA ELEMENT F, LDF (RLIN)
a accounting ; Contemporary ; issues
942 ## - ADDED ENTRY ELEMENTS (KOHA)
Source of classification or shelving scheme Dewey Decimal Classification
Koha item type Book
Holdings
Withdrawn status Lost status Damaged status Not for loan Collection code Home library Current library Date acquired Source of acquisition Cost, normal purchase price Total Checkouts Full call number Barcode Date last seen Date last checked out Price effective from Koha item type
        M Com St Aloysius PG Library St Aloysius PG Library 10/16/2018 Biblios Book Point 450.00 5 657 GUPC PG015974 12/04/2023 11/15/2023 04/26/2021 Book